000 00262nam a22001217a 4500
008 171025b xxu||||| |||| 00| 0 eng d
041 _aeng
080 _a311
100 _a55
101 _aSTA
245 _aANALYZING SOCIAL DATA
_cKARL.SCH
942 _2udc
_cBK
999 _c35918
_d35918